Normal view
MARC view
- White, Robert A.
Entry Nombre Personal
001 - NUMERO DE CONTROL
- campo de control: 53950
003 - IDENTIFICADOR DE NUMERO DE CONTROL
- campo de control: MX-MxUPN
005 - FECHA Y HORA DE LA ÜLTIMA TRANSACCIÓN
- campo de control: 20241008123852.0
008 - DATOS DE LONGITUD FIJA
- campo de control de longitud fija: 241008nn acnnnaabn n aaa d
040 ## - FUENTE DE CATALOGACIÓN
- Agencia original de catalogación: MX-MxUPN
- Lenguaje de catalogación: spa
100 1# - ENCABEZAMIENTO - NOMBRE PERSONAL
- Nombre personal: White, Robert A.
670 ## - FUENTE EN LA QUE SE LOCALIZARON DATOS
- Cita de la fuente: Literacy : cause or effect of social development?, 1976 :
- Información localizada: portada (Robert A. White)
902 ## - CATALOGADOR
- Catalogador: VíctorGodínez/081024
